000 00782nam a2200181Ia 4500
008 100920s9999 xx 000 0 und d
082 _b78061
_a28 व 891 0
100 _aअनुवाद-बागवे अशोक.
245 _aविकास रंगतदार गोष्टी निळा रंग.
260 _bनवनीत पब्लिकेशन्स इ.लि.,अहमदाबाद.
_c0
300 _a32
_bसाधी
365 _b18
520 _aबा.वि.लघुकथा.
630 _aविकास रंगतदार गोष्टी निळा रंग.
650 _aबा.वि.लघुकथा.
730 _aविकास रंगतदार गोष्टी निळा रंग.
942 _cBOOK
999 _c719271
_d719268